000 00385nam a2200169Ia 4500
008 221030s9999 xx 000 0 und d
020 _a0071247629
041 _aEnglish
082 _a105.23
_bLut
100 _aF. Luthans
245 0 _aOrganizational Behaviour
250 _a10th
260 _bMcgraw - Hill
_aNew Delhi
_c2005
300 _a731
650 _aManagement
942 _cBK
999 _c121
_d121